01370nam a2200325 a 4500001001000000003000500010005001700015008004100032010001100073011001100084040000900095090001000104100003200114245010100146260004100247500006000288502007200348590004000420590004000460650004300500650007500543650004800618856007000666901000700736942001000743942000600753999001900759952013100778952013500909000113233CHAP20220329144345.0170522s2016 mx sm |||||||spa d a109694 a110666 cCHAP aTesis1 aLeón Luna, Miriam913227710aModelo lluvia-escurrimiento de la Cuenca Río Huaynamotah[En línea]cpor Miriam León Luna. aChapingo, Méx. :bEl autor,c2016. aPara ver el contenido del material haga clic en la liga aTesis (Ing. en Irrigación ) -- UACH. Departamento de Irrigación aE5765TAJb05c20170522lUCH01h0919 aE5765TAJb05c20170522lUCH01h091914aCorrientes de aguaxMedición.92826114aCuencas hidrológicasxEscurrimientosxModelos matemáticos.913217614aHidrologíaxModelos matemáticos.955267 aFinding aiduhttp://10.13.5.2/tesis/sist113233.pdfzTeclea aquí aBK cTESIS n0 c109694d109694 00104054718TESISaBCbBCd2017-05-22fTESISl0oTesisp113235-10r2019-12-31 00:00:00w2019-12-31yTESISzRecien adquirido 00102local4053708TESISaBCbBCcPA_TESISd2017-05-22fTESISl0oTesisp113235-20r2019-12-31 00:00:00tc.2w2019-12-31yTESIS